उर्दू हिंदी शब्दकोष (Record no. 31454)

MARC details
000 -LEADER
fixed length control field 00379nam a22001217a 4500
003 - CONTROL NUMBER IDENTIFIER
control field SGT
082 ## - DEWEY DECIMAL CLASSIFICATION NUMBER
Classification number 080
Item number U59K
100 ## - MAIN ENTRY--PERSONAL NAME
Personal name खां, मोहम्मद मुस्तफा
245 ## - TITLE STATEMENT
Title उर्दू हिंदी शब्दकोष
260 ## - PUBLICATION, DISTRIBUTION, ETC. (IMPRINT)
Name of publisher, distributor, etc उत्तरप्रदेश हिंदी संस्थान
Year of Publication 1959
300 ## - PAGE DESCRIPTION
No. of Pages 755
942 ## - ADDED ENTRY ELEMENTS (KOHA)
Source of classification or shelving scheme Dewey Decimal Classification
Koha item type Books
Holdings
Withdrawn status Lost status Source of classification or shelving scheme Damaged status Not for loan Home library Current library Shelving location Date acquired SGTU Total Checkouts Full call number Accession No. (Barcode) Date last seen Bill Date Koha item type
    Dewey Decimal Classification   Not For Loan SGT Chancellor's Library SGT Chancellor's Library Reference Book 17/06/2025 SGTU   080 U59K CH3461 17/06/2025 17/06/2025 Books